| 000 | 00435cam a22001217a 4500 | ||
|---|---|---|---|
| 008 | 180718b1972 xxu||||| |||| 00| 0 eng d | ||
| 082 | _aF51x5404 C737d/9 | ||
| 245 |
_aDocuments of the ninth Congress of the Communist Party of India _cby Communist Party of India |
||
| 260 |
_aNew Delhi _bCommunist Party Publications _c1972 |
||
| 300 | _a415p | ||
| 650 | _aCommunism --India --Congresses | ||
| 650 | _aCommunist Party of India --Congresses | ||
| 999 |
_c426490 _d426490 |
||